Т. 4; Метрология и измерительная техника

Detaylı Bibliyografya
Parent link:Метрология и измерительная техника/ Академия наук СССР (АН СССР), Всесоюзный институт научной и технической информации (ВИНИТИ) ; гл. ред. П. В. Нестеров. Т. 4.— , 1969-1991.— 0202-7585
Diğer Yazarlar: Агалецкий П. Н. (редактор)
Dil:Rusça
Baskı/Yayın Bilgisi: 1979
Konular:
Materyal Türü: MixedMaterials Kitap
KOHA link:https://koha.lib.tpu.ru/cgi-bin/koha/opac-detail.pl?biblionumber=347190

MARC

LEADER 00000nam2a2200000 4500
001 347190
005 20231102005954.0
035 |a (RuTPU)RU\TPU\book\379075 
035 |a RU\TPU\book\344026 
090 |a 347190 
100 |a 20220304d1979 k y0rusy50 ca 
101 0 |a rus 
102 |a RU 
105 |a a z 001zy 
200 0 |a Т. 4  |f под ред. П. Н. Агалецкого 
210 |d 1979 
215 |a 295 с.  |c ил. 
320 |a Библиография в конце обзоров 
461 1 |0 (RuTPU)RU\TPU\book\44258  |x 0202-7585  |t Метрология и измерительная техника  |f Академия наук СССР (АН СССР), Всесоюзный институт научной и технической информации (ВИНИТИ) ; гл. ред. П. В. Нестеров  |v Т. 4  |d 1969-1991  |s Метрология и измерительная техника 
606 1 |a Метрология  |2 stltpush  |3 (RuTPU)RU\TPU\subj\43497  |9 62988 
606 1 |a Контрольно-измерительная техника  |2 stltpush  |3 (RuTPU)RU\TPU\subj\15518  |9 41753 
610 1 |a приборостроение 
610 1 |a температурные изменения 
610 1 |a термометры 
610 1 |a средства измерений 
610 1 |a электрические величины 
610 1 |a влагомеры 
610 1 |a неразрушающий контроль 
610 1 |a ультразвуковые методы 
675 |a 621:53.08  |v 3 
675 |a 681.2.08  |v 3 
702 1 |a Агалецкий  |b П. Н.  |4 340 
801 1 |a RU  |b 63413507  |c 20061106  |g PSBO 
801 2 |a RU  |b 63413507  |c 20220304  |g PSBO 
942 |c BK